| 000 | 00627cam a22002531 4500 | ||
|---|---|---|---|
| 001 | 0066 | ||
| 003 | DO-SdBNP | ||
| 005 | 20180206114909.0 | ||
| 007 | 0066 | ||
| 008 | 000401s1969 ve spa | ||
| 016 | 7 |
_a _z _2BPMSU |
|
| 035 | _a | ||
| 040 |
_aBPMSU _bspa _cBPMSU |
||
| 080 | _a | ||
| 100 | 1 |
_aUslar Pietri, Arturo _d1906-2001 |
|
| 245 | 1 | 0 |
_aVeinticinco ensayos : _h _bantología / |
| 260 |
_a[Caracas] _bMonte Ávila, _c1969 |
||
| 300 |
_a248 p., 2 h. _c20 cm |
||
| 490 | 0 | _a | |
| 830 | _a | ||
| 942 |
_2ddc _cBK |
||
| 945 | _aInventariado, 2018 / BT | ||
| 956 |
_a VMATEO _b10 _c20160824 _dBPMSU _f0069 |
||
| 999 |
_c11208 _d11208 |
||